000 00940nam a2200253 i 4500
001 13099
003 ES-MaACL
005 20250822035937.0
007 t|
008 971201s1994 sp ||||1| spa d
020 _a84-7658-456-3
080 _a316.6
100 1 _aFernández Christlieb, Pablo.
_949576
245 1 3 _aLa psicología colectiva un fin de siglo más tarde
_b: su disciplina, su conocimiento, su realidad /
_cPablo Fernández Christlieb.
250 _a1ª ed.
260 _aBarcelona :
_bAnthropos ;
_aZamora (Michoacán-México) :
_bEl Colegio de Michoacán, A.C.,
_c1994.
300 _a447 p. ;
_c20 cm.
490 1 _aAutores, textos y temas. Psicología ;
_v22.
_aPsicología social
504 _aBibliografía: p. 433-441.
650 1 7 _aPsicología social
_2embne
_916573
830 0 0 _aAutores, textos y temas.
_pPsicología
_v22.
_9177279
852 _aES-MaACL
_jL-20405
999 _c13099
_d13099